100 Biggest Cities of Russia on a Map - Statistics

General Stats
  • This quiz has been taken 327 times
  • The average score is 53 of 100
Answers on the Map
Answers color-coded by a green-red scale on the quiz's map according to % correct below.
 
Answer Stats
Population City % Correct
13,010,112 Moscow
99%
5,601,911 Saint Petersburg
99%
416,219 Tver
93%
1,308,660 Kazan
92%
603,519 Vladivostok
92%
490,449 Kaliningrad
91%
228,095 Korolyov
90%
1,142,162 Rostov-on-Don
90%
1,028,036 Volgograd
89%
270,384 Murmansk
87%
1,633,595 Novosibirsk
87%
1,173,299 Samara
86%
1,544,376 Yekaterinburg
86%
1,226,076 Nizhny Novgorod
85%
1,125,695 Omsk
84%
1,034,002 Perm
84%
1,144,809 Ufa
82%
617,264 Irkutsk
81%
1,099,344 Krasnodar
81%
466,078 Sochi
79%
1,189,525 Chelyabinsk
78%
301,199 Arkhangelsk
76%
355,443 Yakutsk
76%
1,187,771 Krasnoyarsk
75%
901,361 Saratov
74%
1,057,681 Voronezh
74%
328,533 Grozny
68%
440,052 Kursk
68%
556,478 Tomsk
68%
475,629 Astrakhan
66%
543,654 Orenburg
64%
316,570 Smolensk
64%
349,951 Vladimir
62%
623,254 Makhachkala
61%
339,978 Belgorod
60%
684,709 Tolyatti
60%
473,622 Tula
57%
577,279 Yaroslavl
57%
617,441 Khabarovsk
55%
193,082 Pskov
54%
379,152 Bryansk
53%
623,472 [Izhevsk
53%
528,599 Ryazan
53%
847,488 Tyumen
53%
617,352 Ulyanovsk
53%
437,565 Ulan-Udè
51%
361,644 Ivanovo
50%
547,443 Stavropol
50%
295,830 Vladikavkaz
50%
468,212 Kirov
48%
496,403 Lipetsk
47%
334,427 Chita
46%
337,058 Kaluga
45%
303,169 Oryol
45%
410,594 Magnitogorsk
44%
234,897 Petrozavodsk
44%
630,877 Barnaul
43%
501,109 Penza
43%
224,286 Veliky Novgorod
42%
313,944 Vologda
41%
225,428 Engels
40%
262,293 Novorossiysk
40%
189,195 Orsk
40%
261,803 Tambov
40%
181,587 Yuzhno-Sakhalinsk
40%
557,119 Kemerovo
39%
314,871 Saransk
39%
497,807 Cheboksary
37%
310,911 Kurgan
37%
257,128 Khimki
36%
267,481 Kostroma
36%
245,120 Taganrog
36%
548,434 Naberezhnye Chelny
35%
247,054 Nalchik
35%
238,505 Komsomolsk-on-Amur
34%
220,580 Syktyvkar
33%
305,185 Cherepovets
32%
338,966 Nizhny Tagil
32%
537,480 Novokuznetsk
32%
224,071 Bratsk
31%
396,443 Surgut
31%
281,248 Yoshkar-Ola
30%
187,177 Armavir
29%
520,962 Balashikha
29%
314,934 Podolsk
29%
226,452 Shakhty
29%
277,410 Sterlitamak
28%
321,479 Volzhsky
27%
221,296 Angarsk
26%
224,195 Lyubertsy
25%
221,676 Stary Oskol
25%
241,437 Blagoveshchensk
24%
218,630 Dzerzhinsk
24%
241,479 Nizhnekamsk
24%
184,769 Abakan
23%
184,466 Balakovo
22%
255,429 Mytishchi
22%
283,256 Nizhnevartovsk
22%
183,852 Biysk
18%
187,634 Krasnogorsk
17%
No matching quizzes found
Score Distribution
Percent of People with Each Score
Percentile by Number Answered
Your Score History
You have not taken this quiz